Масовий терор як засіб державного управління в СРСР (1917–1941 рр.) (Запис № 17505)

000 -Маркер запису
Контрольне поле сталої довжини 01794nam a22002537a 4500
003 - Належність контрольного номера
Контрольне поле Uzh_bibl
008 - Кодовані дані
Контрольне поле сталої довжини 260423b |||||||| |||| 00| 0 ukr d
020 ## - Індекс ISBN
ISBN 978-617-7407-00-2
Ціна 112.24
040 ## - Джерело каталогіз.
Код мови каталог. укр.
041 ## - Код мови видання
Код мови оригіналу українська
Код мови тексту українська
080 ## - Індекс УДК
Індекс УДК 94(477)
090 ## - Шифри
Поличний індекс 94(477)
Авторський знак Б61
100 ## - Автор
Автор Білокінь,Сергій
245 ## - Назва
Назва Масовий терор як засіб державного управління в СРСР (1917–1941 рр.)
Фізичний носій Текст
260 ## - Вихідні дані
Місце видання Київ
Видавництво Українські пропілеї
Дата видання 2016
300 ## - Фізичний опис
Обсяг 2016
Тип одиниці В опр.
520 ## - Анотація
Анотація Видання викриває та демонструє на загал засоби й механізми більшовицького терору в період Розстріляного відродження та боротьби за самостійність України. Це історія нерівного, драматичного і навіть трагічного протистояння інтелектуальних еліт і представників радянської держави та правлячої партії, які прагнули підпорядкувати або ж знищити все, над чим не мали контролю, — мистецтво, науку, пам’ятки історії — увесь культурний світ разом з його творцями й захисниками.
521 ## - Примітка про цільове призначення
Примітка про цільове призначення Для широкого кола читачів
546 ## - Примітка про мову
Примітка про мову укр.
650 ## - Тематичні рубрики
Основна рубрика Науково-публіцистичне видання
653 ## - Ключові слова
Ключові слова Більшовики
-- Відродження
-- Самостійність
655 ## - Термін індексування — жанр/форма
Типове ділення Джерелознавче дослідження
942 ## - ADDED ENTRY ELEMENTS (KOHA)
Джерело класифікації чи схема поличного розташування
Koha item type Книги
Фонди
Статус вилучення Статус втрати/відсутності Джерело класифікації чи схема поличного розташування Статус пошкодження Тип обігу (не для випозичання) Постійне розташування Поточне розташування Розташування у відділі Дата надходження Інвентарний номер Total Checkouts Повний (примірниковий) шифр зберігання Штрих-код Date last seen Дата, для якої чинна ціна заміни Тип одиниці (рівень примірника)
          Публічна бібліотека Публічна бібліотека Абонемент 23/04/2026 67928   94(477) 19340 23/04/2026 23/04/2026 Книги

Працює на АБІС Коха